000 00748nam a22002297a 4500
003 DO-SdBNP
005 20241205091543.0
007 ta
008 210623e2017 dr aoc|| f||| 000 0 spa d
040 _aDO-SdBNP
_bspa
_cBNPHU
_erda
082 4 _222
_aS456d
245 0 0 _a2do. diálogo de política industrial.
246 _aSegundo diálogo de política industrial
264 _aSanto Domingo :
_bMICM,
_c2017
300 _a10 páginas :
_bilustraciones, fotografías, retratos ;
_c26 cm.
336 _2rdacontent
_atexto
_btxt
337 _2rdamedia
_asin mediación
_bn
338 _2rdacarrier
_avolumen
_bnc
590 _aInventariado, 2024 / MF
710 1 _aRepública Dominicana.
_bMinisterio de Industría y Comercio
_975764
942 _2ddc
_cLF2
999 _c49996
_d49996